Documents of American history / (Record no. 27500)
[ view plain ]
| 000 -LEADER | |
|---|---|
| fixed length control field | 01018nam a2200301 a 4500 |
| 001 - CONTROL NUMBER | |
| control field | 27500 |
| 003 - CONTROL NUMBER IDENTIFIER | |
| rucl marc code | BD-RjUL |
| 005 - DATE AND TIME OF LATEST TRANSACTION | |
| control field | 20211209051149.0 |
| 008 - FIXED-LENGTH DATA ELEMENTS--GENERAL INFORMATION | |
| fixed length control field | 140325s1949 nyu b 001 0 eng |
| 035 ## - SYSTEM CONTROL NUMBER | |
| System control number | 04-474 |
| System control number | (OCoLC)476428 |
| -- | (BD-RjUL)27574 |
| 040 ## - CATALOGING SOURCE | |
| Original cataloging agency | DLC |
| Transcribing agency | WSU |
| Modifying agency | OCL |
| -- | SER |
| -- | m.c |
| -- | BD-RjUL |
| Language of cataloging | eng |
| 041 ## - LANGUAGE CODE | |
| Language code of text/sound track or separate title | eng |
| 082 ## - DEWEY DECIMAL CLASSIFICATION NUMBER | |
| Classification number | 973 |
| Edition number | 21 |
| Author mark and year | DOC 1949 |
| 245 00 - TITLE STATEMENT | |
| Title | Documents of American history / |
| Statement of responsibility, etc. | edited by Henry Steele Commager. |
| 250 ## - EDITION STATEMENT | |
| Edition statement | 5th ed. |
| 260 ## - PUBLICATION, DISTRIBUTION, ETC. (IMPRINT) | |
| Place of publication, distribution, etc. | New York : |
| Name of publisher, distributor, etc. | Appleton-Century-Crofts, |
| Date of publication, distribution, etc. | c1949. |
| 300 ## - PHYSICAL DESCRIPTION | |
| Pagination | xxiii, 450, 759 p. ; |
| Size | 24 cm. |
| 500 ## - GENERAL NOTE | |
| General note | Contains "Volume I" and "II" |
| 504 ## - BIBLIOGRAPHY, ETC. NOTE | |
| Bibliography, etc | Includes bibliographies and index. |
| 505 0# - FORMATTED CONTENTS NOTE | |
| Formatted contents note | v. 1. Documents of American history to 1865 -- v. 2. Documents of American history since 1865. |
| 651 #0 - SUBJECT ADDED ENTRY--GEOGRAPHIC NAME | |
| Geographic name | United States |
| General subdivision | History |
| Form subdivision | Sources. |
| 9 (RLIN) | 84478 |
| 700 1# - ADDED ENTRY--PERSONAL NAME | |
| Personal name | Commager, Henry Steele, |
| Dates associated with a name | 1902-1998 |
| 830 #0 - SERIES ADDED ENTRY--UNIFORM TITLE | |
| Uniform title | Crofts American history series |
| 942 ## - ADDED ENTRY ELEMENTS (KOHA) | |
| Source of classification or shelving scheme | Dewey Decimal Classification |
| Koha item type | Books |
| Lost status | Source of classification or shelving scheme | Damaged status | Not for loan | Collection code | Permanent Location | Current Location | Shelving location | Date acquired | Source of acquisition | Cost, normal purchase price | Total Checkouts | Full call number | Date last seen | Copy number | Koha item type |
|---|---|---|---|---|---|---|---|---|---|---|---|---|---|---|---|
| Dewey Decimal Classification | Added to bundle | Non-fiction | Central Library, University of Rajshahi | Central Library, University of Rajshahi | Reading Room | 26/09/1956 | U.S.I.S Gift | 0.00 | 973 DOC 1949 | 25/03/2014 | C-1 | Books |